| 000 | 00372nam a2200145Ia 4500 | ||
|---|---|---|---|
| 008 | 230801s9999||||xx |||||||||||||| ||und|| | ||
| 020 | _a9788120343146 | ||
| 082 |
_a658.4 _bM1471 |
||
| 100 | _aMcGrath, E. H. | ||
| 245 | 0 | _aBasic managerial skills for all | |
| 250 | _a9th | ||
| 260 |
_aNew Delhi _bPHI Learning Pvt Ltd. _c2011 |
||
| 300 | _axxiii, 812 p. | ||
| 942 | _cBK | ||
| 999 |
_c27121 _d27121 |
||